Statistiken für U-Bahnstationen in München / Subway stations in Munich

Klicken Sie hier um das Quiz zu spielen!

Allgemein

  • Dieses Quiz wurde 240 mal gespielt
  • Das Durchschnittsergebnis liegt bei 63 aus 124

Antwortstatistiken

Answer % Korrekt
Marienplatz
92%
Hauptbahnhof
92%
Karlsplatz (Stachus)
87%
Odeonsplatz
79%
Münchner Freiheit
79%
Sendlinger Tor
79%
U6Garching
77%
U1Olympia-Einkaufszentrum
75%
Theresienwiese
74%
Ostbahnhof
73%
Universität
71%
Klinikum Großhadern
69%
Fröttmaning
68%
Goetheplatz
66%
Giselastraße
65%
U3Moosach
64%
Nordfriedhof
61%
Harras
61%
Studentenstadt
60%
Garching-Forschungszentrum
60%
Arabellapark
57%
Neuperlach Süd
57%
Olympiazentrum
57%
Lehel
57%
Poccistraße
56%
Max-Weber-Platz
55%
Kolumbusplatz
53%
Messestadt Ost
53%
Freimann
52%
U5Laimer Platz
52%
Großhadern
52%
Fürstenried West
51%
Mangfallplatz
50%
Fraunhoferstraße
50%
Königsplatz
50%
Giesing
50%
Messestadt West
49%
U2Feldmoching
49%
Innsbrucker Ring
47%
Implerstraße
46%
Alte Heide
45%
Neuperlach Zentrum
45%
Garching-Hochbrück
45%
Thalkirchen
45%
Bonner Platz
45%
Scheidplatz
45%
Dietlindenstraße
43%
Westfriedhof
43%
Haderner Stern
42%
Rotkreuzplatz
42%
Kieferngarten
42%
Am Hart
42%
Hasenbergl
42%
Trudering
42%
Westpark
40%
Gern
40%
Stiglmaierplatz
40%
Theresienstraße
40%
Heimeranplatz
39%
Schwanthalerhöhe
39%
U4Westendstraße
38%
Wettersteinplatz
38%
Silberhornstraße
38%
Petuelring
38%
Candidplatz
37%
St.-Quirin-Platz
37%
Brudermühlstraße
35%
Maillingerstraße
35%
Moosacher St.-Martins-Platz
33%
Josephsplatz
33%
Obersendling
33%
Frankfurter Ring
33%
Harthof
33%
Hohenzollernplatz
31%
Milbertshofen
31%
Quiddestraße
30%
Michaelibad
29%
Holzapfelkreuth
29%
Therese-Giehse-Allee
28%
Partnachplatz
28%
Oberwiesenfeld
28%
Untersbergstraße
26%
Prinzregentenplatz
26%
Aidenbachstraße
26%
Basler Straße
24%
Dülferstraße
24%
Forstenrieder Allee
23%
Karl-Preis-Platz
23%
Böhmerwaldplatz
23%
Georg-Brauchle-Ring
23%
Josephsburg
21%
Kreillerstraße
21%
Moosfeld
21%
Richard-Strauss-Straße
18%
Machtlfinger Straße
18%
Friedenheimer Straße
14%

Verteilung der Resultate

Perzentil nach korrekt beantworteten Fragen

Anzahl Personen mit jedem Resultat

Ihre Resultats-Entwicklung

Sie haben dieses Quiz noch nicht gespielt